Psicología de la comunicación: textos y ejercicios
Guardat en:
| Autors principals: | , , |
|---|---|
| Format: | Llibre |
| Idioma: | espanyol |
| Publicat: |
Bogotá
Alfaomega
1999
|
| Edició: | 4a. ed |
| Col·lecció: | Lecciones, 414
|
| Matèries: | |
| Etiquetes: |
Afegir etiqueta
Sense etiquetes, Sigues el primer a etiquetar aquest registre!
|
MARC
| LEADER | 00000nam a2200000 a 4500 | ||
|---|---|---|---|
| 001 | UCL3082 | ||
| 003 | CL-VaPUC | ||
| 008 | 031114e19990000CK |||||||||||||||||spa|d | ||
| 020 | |a 9586821196 | ||
| 082 | 0 | 4 | |a 302.2 |b LOP |2 21 |
| 100 | |a López Rousseau, Alejandro |e autor |9 546424 | ||
| 700 | 0 | |a Parada Cangas, Andrea |e author |9 480288 | |
| 700 | 0 | |a Simonetti Bagnara, Franco |e author |9 480289 | |
| 245 | 1 | 0 | |a Psicología de la comunicación: textos y ejercicios |
| 250 | |a 4a. ed | ||
| 300 | |a 244 p | ||
| 942 | |c BK | ||
| 945 | |d 20031114 00:00:00 |a cmena | ||
| 260 | |a Bogotá |b Alfaomega |c 1999 | ||
| 650 | 0 | |a Comunicación |9 257251 | |
| 650 | 0 | |a Aspectos psicológicos |9 258128 | |
| 583 | |a last modification |c 20031114 00:00:00 |k Rodrigo Vera | ||
| 490 | 0 | |a Lecciones, 414 | |
| 999 | |c 306215 |d 306213 | ||
| 952 | |0 0 |1 0 |4 0 |6 302_200000000000000_LOP_1999 |7 0 |8 A |9 371059 |a FDOPOS |b FDOPOS |d 2019-11-21 |i 3962466 |o 302.2 LOP 1999 |p 3962466 |r 2025-01-22 |w 2019-11-21 |y BK |k MLA | ||